Programa oficial de los actos del Congreso : 27 de mayo - 1 de junio / 27 de mayo - 1 de junio /
Colección:
San Jorge,
; núm. 6 (abril 1952), pàg. 6-7
Materias:
Congrés Eucarístic Internacional -- (35è : -- 1952 : -- Barcelona, Catalunya)
; Eucaristia -- Congressos
Idioma:
Español
MARC
| LEADER | 00000naa a2200000 a 4500 | ||
|---|---|---|---|
| 003 | Arxiu | ||
| 005 | 20260324181032.0 | ||
| 008 | 160829s1952 spc xx s spa c | ||
| 040 | |a agdb | ||
| 111 | |a Congrés Eucarístic Internacional |n (35è : |d 1952 : |c Barcelona, Catalunya) |9 54589 | ||
| 245 | 1 | 0 | |a Programa oficial de los actos del Congreso : |b 27 de mayo - 1 de junio / |c XXXV Congreso Eucarístico Internacional |
| 490 | |a San Jorge, |v núm. 6 (abril 1952), pàg. 6-7 | ||
| 611 | 0 | |a Congrés Eucarístic Internacional |n (35è : |d 1952 : |c Barcelona, Catalunya) |9 54589 | |
| 650 | |a Eucaristia |x Congressos |9 29417 | ||
| 773 | |g Núm. 6 (abril 1952), pàg. 6-7 |t San Jorge. | ||
| 901 | |a Arxiu | ||
| 942 | |n 1 |2 udc |c ART | ||
| 952 | |0 0 |1 0 |4 0 |6 REV508 |7 1 |9 64635 |a Arxiu |b Arxiu |d 2022-12-02 |l 0 |o Rev-508 |r 2022-12-02 00:00:00 |w 2022-12-02 |y ARXIU |z També disponible a Rev-521 | ||
| 999 | |c 47835 |d 47835 | ||